| 000 | 00728nam a2200217 i 4500 | ||
|---|---|---|---|
| 001 | 46530 | ||
| 003 | ES-MaACL | ||
| 005 | 20251003063059.0 | ||
| 007 | t| | ||
| 008 | 030331s1965 sp ||||1| cat d | ||
| 100 | 1 |
_aCongar, Yves, _d1904-1995 _940170 |
|
| 245 | 1 | 4 |
_aLa tradició i la vida de l'esglësia / _cY. M. Congar ; traductor Rafael M. Bertrán. |
| 260 |
_aBarcelona : _bEstela, _c[1965] |
||
| 300 |
_a171 p. ; _c20 cm. |
||
| 490 | 1 |
_aBiblioteca Teológica del Seglar ; _v164 |
|
| 650 | 7 |
_aTradición (Teología) _2embne _9146606 |
|
| 700 | 1 |
_aBertran, Rafael M. _928501 |
|
| 830 | 0 |
_aBiblioteca Teológica del Seglar ; _v164 _9183530 |
|
| 852 |
_aES-MaACL _jC-28506 _bR.57788 |
||
| 999 |
_c46530 _d46530 |
||